000 00289nam a22001217a 4500
020 _a81-8209-144-6
082 _a510
_bRAS/A
100 _aRASHEED, ABDUL A
245 _aALLIED MATHEMATICS
260 _aCHENNAI
_bVIJAY NICOLE IMPRINTS
_c2006
650 _aMATHS REFERENCE
_zINDIA
942 _cBK
999 _c1267
_d1267